00352nam a22001217a 4500082003500000100001900035245005600054260004400110300001200154526003700166650000800203700001900211 a370.95491bHAYcL-30-II, P-199 aHayes, Louis D aThe crisis of education in PakistancHayes, Louis D aLahorebVanguard Books ltd lahorec1987 a196 p.: a0b0c0d370_954910000000000_HAY aMCE aHayes, Louis D